000
00328 a2200109 4500
001
ART_18014
005
20260410161656.0
008
260409a
245
1
0
_a
Intereses y multas en los anticipos impositivos
100
1
_a
Folco, Carlos Maria
773
0
_t
Práctica profesional
_g
- Nº 126 (sep. 2010)
_w
REV542
999
_c
14739
_d
14739